Youth aflame: (Record no. 13032)

000 -LEADER
fixed length control field 00908nam a2200253 a 4500
001 - CONTROL NUMBER
control field :::00010850$&:&@@
003 - CONTROL NUMBER IDENTIFIER
control field OkBaRHE
005 - DATE AND TIME OF LATEST TRANSACTION
control field 20100401170534.0
008 - FIXED-LENGTH DATA ELEMENTS--GENERAL INFORMATION
fixed length control field s1983 j 000 0 eng u
020 ## - INTERNATIONAL STANDARD BOOK NUMBER
International Standard Book Number 0871236591 (pbk.)
040 ## - CATALOGING SOURCE
Transcribing agency
100 1# - MAIN ENTRY--PERSONAL NAME
Personal name Pratney, Winkie, 1944-
245 10 - TITLE STATEMENT
Title Youth aflame:
Remainder of title a manual for discipleship.
250 ## - EDITION STATEMENT
Edition statement Rev. ed.
260 ## - PUBLICATION, DISTRIBUTION, ETC. (IMPRINT)
Place of publication, distribution, etc Minneapolis, MN., :
Name of publisher, distributor, etc Bethany House Publishers
Date of publication, distribution, etc 1983
300 ## - PHYSICAL DESCRIPTION
Extent 446 p. : illus. ;
Dimensions 22 cm.
650 ## - SUBJECT ADDED ENTRY--TOPICAL TERM
Topical term or geographic name as entry element Christian Life
General subdivision 1960-
650 ## - SUBJECT ADDED ENTRY--TOPICAL TERM
Topical term or geographic name as entry element Evangelistic Work
650 ## - SUBJECT ADDED ENTRY--TOPICAL TERM
Topical term or geographic name as entry element Theology, Doctrinal
General subdivision Popular Works
650 ## - SUBJECT ADDED ENTRY--TOPICAL TERM
Topical term or geographic name as entry element Witness Bearing (Christianity)
942 ## - ADDED ENTRY ELEMENTS (KOHA)
Source of classification or shelving scheme
Koha item type Books
Copies
Koha item type Withdrawn status Shelving location Full call number Not for loan Lost status Date last seen Copy number Source of classification or shelving scheme Price effective from Damaged status Barcode Permanent Location Date acquired
Books General StacksBV 4501.2 .P675 1983  2010-04-141 2010-04-14 10850RHEMA Bible Training College2010-04-14
Books General StacksBV 4501.2 .P675 1983  2010-04-142 2010-04-14 15084RHEMA Bible Training College2010-04-14